Poistenie zodpovednosti za škodu spôsobenú náhlym a náhodilým znečistením životného prostredia
Poistenie ako finančné krytie environmentálnych rizík. Allianz - Slovenská poisťovňa, a.s. - poistenie zodpovednosti za environmentálnu škodu.
Guardado en:
| Autor principal: | |
|---|---|
| Formato: | Capítulo de libro |
| Lenguaje: | eslovaco |
| Materias: | |
| Etiquetas: |
Sin Etiquetas, Sea el primero en etiquetar este registro!
|
MARC
| LEADER | 00000naa$a2200000$$$4500 | ||
|---|---|---|---|
| 001 | 0182635 | ||
| 005 | 20240502073126.6 | ||
| 041 | 0 | |a slo | |
| 044 | |a SK | ||
| 245 | 1 | 0 | |a Poistenie zodpovednosti za škodu spôsobenú náhlym a náhodilým znečistením životného prostredia |c Barbora Drugdová |
| 520 | |a Poistenie ako finančné krytie environmentálnych rizík. Allianz - Slovenská poisťovňa, a.s. - poistenie zodpovednosti za environmentálnu škodu. | ||
| 610 | 2 | 0 | |a znečistenie prostredia životného |
| 610 | 2 | 0 | |a ochrana sociálna |
| 610 | 2 | 0 | |a ochrana prostredia životného |
| 610 | 2 | 0 | |a zodpovednosť za škody |
| 610 | 2 | 0 | |a poistenie zodpovednosti za škody |
| 610 | 2 | 0 | |a úpravy právne |
| 100 | 1 | |a Drugdová, Barbora | |